[Event "Havana UCI 6th"]
[Site "Havana"]
[Date "2007.11.21"]
[Round "9"]
[White "Soto Hernandez, Henry"]
[Black "Montano Cordero, Alejandro E"]
[Result "1-0"]
[WhiteElo "2267"]
[BlackElo "2068"]
[PlyCount "65"]
[EventDate "2007.11.12"]
[EventType "tourn"]
[EventRounds "13"]
[EventCountry "CUB"]
[SourceTitle "EXT 2019"]
[Source "ChessBase"]
[SourceDate "2018.10.10"]
[SourceVersion "1"]
[SourceVersionDate "2018.10.10"]
[SourceQuality "1"]

1. e4 c5 2. Nf3 d6 3. d4 cxd4 4. Nxd4 Nf6 5. Nc3 a6 6. Be3 e6 7. g4 b5 8. g5 Nfd7 9. Qd2 Bb7 10. Bd3 Nb6 11. 0-0-0 N8d7 12. Kb1 b4 13. Nce2 d5 14. exd5 Nxd5 15. g6 hxg6 16. Nxe6 fxe6 17. Bxg6+ Ke7 18. Bg5+ N7f6 19. Rhe1 a5 20. Nd4 Ra6 21. f4 Kd7 22. Nxe6 Rxe6 23. Bf5 Kc7 24. Bxe6 Bc5 25. Bxf6 Nxf6 26. Qe2 Qe8 27. Qe5+ Kb6 28. Qg5 Qf8 29. Bc4 a4 30. Re6+ Ka7 31. Qe5 a3 32. Qc7 axb2 33. Ra6# 1-0